[Event "ODJM B 2019"]
[Site "Willingen GER"]
[Date "2019.06.13"]
[Round "7"]
[White "Hoppe, Nico"]
[Black "Fricke, Janek Konrad"]
[Result "1-0"]
[Termination "normal"]
[Board "30"]
[WhiteElo "1692"]
[BlackElo "1561"]
[PlyCount "77"]
[WhiteFideId "16225520"]
[BlackFideId "12997471"]
[EventCountry "GER"]
[EventRounds "9"]
[EventType "swiss"]
[EventDate "2019.06.08"]

1. d3 e6 2. Nf3 b6 3. g3 Bb7 4. Bg2 Nf6 5. O-O d5 6. b3 Bd6 7. Na3 a6 8. c4
Nbd7 9. Bb2 c5 10. Rc1 O-O 11. Qd2 d4 12. e3 Ne5 13. Nxe5 Bxg2 14. Nxf7 Rxf7
15. Kxg2 e5 16. Nc2 Ng4 17. exd4 exd4 18. Rce1 Qf6 19. Re4 Raf8 20. Qe2 Nxf2
21. Nxd4 Be5 22. Rxe5 cxd4 23. Bxd4 Qc6+ 24. Rd5 Re8 25. Qd2 Ng4 26. Rxf7 Kxf7
27. Qf4+ Nf6 28. Bxf6 gxf6 29. Qf5 Re2+ 30. Kh3 Qe6 31. Rd7+ Kg8 32. Qxe6+ Rxe6
33. Rb7 Rd6 34. d4 f5 35. d5 Rg6 36. Rc7 b5 37. Rc6 bxc4 38. Rxg6+ hxg6 39.
bxc4 1-0

[Event "ODJM B 2019"]
[Site "Willingen GER"]
[Date "2019.06.13"]
[Round "7"]
[White "Rabe, Maximilian"]
[Black "Kuschminder, Paul"]
[Result "1/2-1/2"]
[Termination "normal"]
[Board "31"]
[WhiteElo "1628"]
[BlackElo "1495"]
[PlyCount "55"]
[WhiteFideId "12982911"]
[BlackFideId "16252551"]
[EventCountry "GER"]
[EventRounds "9"]
[EventType "swiss"]
[EventDate "2019.06.08"]

1. e4 c5 2. Nf3 Nc6 3. d4 cxd4 4. Nxd4 g6 5. c4 Bg7 6. Be3 Nf6 7. Nc3 d6 8. Be2
Bd7 9. f3 O-O 10. O-O a6 11. Qd2 Rc8 12. Rac1 Qc7 13. Rfd1 Qb8 14. a3 Rfe8 15.
b4 Nxd4 16. Bxd4 Be6 17. Nd5 Nxd5 18. cxd5 Bxd4+ 19. Qxd4 Bd7 20. h4 Rxc1 21.
Rxc1 Rc8 22. Rxc8+ Qxc8 23. Qc4 Qxc4 24. Bxc4 Kg7 25. Kf2 e6 26. Ke3 e5 27. Kd3
h5 28. Bb3 1/2-1/2

[Event "ODJM B 2019"]
[Site "Willingen GER"]
[Date "2019.06.13"]
[Round "7"]
[White "Puls, Luisa"]
[Black "Tran, Minh Dat"]
[Result "1-0"]
[Termination "normal"]
[Board "32"]
[WhiteElo "1465"]
[BlackElo "1573"]
[PlyCount "39"]
[WhiteFideId "16266005"]
[BlackFideId "16244702"]
[EventCountry "GER"]
[EventRounds "9"]
[EventType "swiss"]
[EventDate "2019.06.08"]

1. e4 c5 2. Nf3 Nc6 3. d4 cxd4 4. Nxd4 g6 5. c4 Bg7 6. Be3 d6 7. Nc3 Nf6 8. Be2
a6 9. O-O Bd7 10. Nc2 Qc7 11. Rc1 O-O 12. b3 Rab8 13. Qd2 Ne5 14. f3 b5 15. Nb4
Qb7 16. Nbd5 Nxd5 17. Nxd5 Be6 18. cxb5 axb5 19. Rc7 Qa6 20. Ra7 1-0

[Event "ODJM B 2019"]
[Site "Willingen GER"]
[Date "2019.06.13"]
[Round "7"]
[White "Reyher, Susan"]
[Black "von Jan, Lena"]
[Result "0-1"]
[Termination "normal"]
[Board "33"]
[WhiteElo "1714"]
[BlackElo "1512"]
[PlyCount "80"]
[WhiteFideId "24686107"]
[BlackFideId "12946060"]
[EventCountry "GER"]
[EventRounds "9"]
[EventType "swiss"]
[EventDate "2019.06.08"]

1. e4 e5 2. Bc4 Bc5 3. Nf3 Nc6 4. c3 Nf6 5. d3 d6 6. h3 Ne7 7. Nbd2 Ng6 8. Nf1
O-O 9. Ng3 c6 10. Bb3 Bb6 11. O-O h6 12. d4 Re8 13. Bc2 Be6 14. Be3 Qc7 15. Qd2
Rad8 16. Nf5 Bxf5 17. exf5 Nf8 18. Bxh6 gxh6 19. Qxh6 N8h7 20. g4 exd4 21. g5
Qe7 22. Kh1 dxc3 23. Rg1 Kh8 24. g6 fxg6 25. fxg6 cxb2 26. Rab1 Rg8 27. Ng5
Rdf8 28. Ne6 Rf7 29. gxf7 Qxf7 30. Ng5 Qd5+ 31. f3 Rxg5 32. Rxg5 Qxg5 33. Qxg5
Nxg5 34. Kg2 Bd4 35. f4 Nge4 36. Rd1 c5 37. h4 Nc3 38. Re1 Nxa2 39. Re7 Nb4 40.
Bg6 Nbd5 0-1

[Event "ODJM B 2019"]
[Site "Willingen GER"]
[Date "2019.06.13"]
[Round "7"]
[White "Mainka, Ingmar"]
[Black "Chromey, Tamir"]
[Result "0-1"]
[Termination "normal"]
[Board "34"]
[WhiteElo "1209"]
[BlackElo "1627"]
[PlyCount "50"]
[WhiteFideId "16254937"]
[BlackFideId "16287479"]
[EventCountry "GER"]
[EventRounds "9"]
[EventType "swiss"]
[EventDate "2019.06.08"]

1. e4 e6 2. d4 d5 3. Nc3 Bb4 4. Bd3 c5 5. Bd2 cxd4 6. Nb5 Bxd2+ 7. Qxd2 dxe4 8.
Bxe4 e5 9. Nf3 f5 10. Bd5 Nf6 11. Bb3 a6 12. Na3 Nc6 13. O-O-O Bd7 14. Rhe1 Qc7
15. Nc4 Ne4 16. Qe2 O-O-O 17. Ncd2 Nxd2 18. Rxd2 Rhe8 19. Qc4 Be6 20. Qa4 Bxb3
21. Qxb3 Re7 22. Ng5 h6 23. Ne6 Qd6 24. Nxd4 exd4 25. Rxe7 Qxe7 0-1

[Event "ODJM B 2019"]
[Site "Willingen GER"]
[Date "2019.06.13"]
[Round "7"]
[White "Zell, Mirjam"]
[Black "Bräutigam, Alexander"]
[Result "1-0"]
[Termination "normal"]
[Board "35"]
[WhiteElo "1660"]
[BlackElo "1396"]
[PlyCount "75"]
[WhiteFideId "16208544"]
[BlackFideId "16245210"]
[EventCountry "GER"]
[EventRounds "9"]
[EventType "swiss"]
[EventDate "2019.06.08"]

1. e4 c5 2. Nc3 Nc6 3. Bb5 d6 4. d4 cxd4 5. Qxd4 Bd7 6. Qd2 Nf6 7. b3 g6 8. Bb2
Bg7 9. f3 a6 10. Bf1 b5 11. g4 b4 12. Na4 h6 13. h4 a5 14. Bh3 Na7 15. g5 Nh5
16. Bxd7+ Kxd7 17. Bxg7 Nxg7 18. gxh6 Ne6 19. Ne2 Nc6 20. O-O-O Qc7 21. Kb1 Ne5
22. f4 Ng4 23. Nd4 Rac8 24. Rc1 Rxh6 25. Nxe6 fxe6 26. e5 Rch8 27. Qe2 Rxh4 28.
Rhg1 Nh6 29. exd6 exd6 30. Rxg6 Re8 31. Re1 Kc6 32. Qc4+ Kb7 33. Qb5+ Ka7 34.
Qxe8 Rh2 35. Rc1 Nf5 36. Rxe6 Ka6 37. Qa8+ Kb5 38. Qe8+ 1-0

[Event "ODJM B 2019"]
[Site "Willingen GER"]
[Date "2019.06.13"]
[Round "7"]
[White "Bardorz, Stefan"]
[Black "de Veer, Mara"]
[Result "1-0"]
[Termination "normal"]
[Board "36"]
[WhiteElo "1646"]
[BlackElo "1379"]
[PlyCount "69"]
[WhiteFideId "16245474"]
[BlackFideId "16217349"]
[EventCountry "GER"]
[EventRounds "9"]
[EventType "swiss"]
[EventDate "2019.06.08"]

1. e4 c6 2. d4 d5 3. exd5 cxd5 4. c4 Nc6 5. Nc3 Nf6 6. Nf3 Bg4 7. cxd5 Nxd5 8.
Qb3 Nxc3 9. bxc3 Rb8 10. Bf4 Ra8 11. Bc4 e6 12. Qxb7 Qc8 13. Ba6 e5 14. dxe5
Bd7 15. Qxc8+ Bxc8 16. Bb5 Bd7 17. Nd4 Rc8 18. Bxc6 Bxc6 19. Nxc6 Rxc6 20. Rc1
Bc5 21. Ke2 Re6 22. Kf3 O-O 23. g3 Ra6 24. Rc2 Ra3 25. Be3 Bxe3 26. Kxe3 Re8
27. Kd4 Ra4+ 28. c4 Ra5 29. Re1 Re6 30. c5 Raa6 31. Rec1 Re8 32. c6 Rd8+ 33.
Ke3 Rc8 34. c7 Rb6 35. Rd1 1-0

[Event "ODJM B 2019"]
[Site "Willingen GER"]
[Date "2019.06.13"]
[Round "7"]
[White "Unbehend, Marius"]
[Black "Aumüller, Naum"]
[Result "0-1"]
[Termination "normal"]
[Board "37"]
[WhiteElo "1395"]
[BlackElo "1685"]
[PlyCount "124"]
[WhiteFideId "16214420"]
[BlackFideId "16263960"]
[EventCountry "GER"]
[EventRounds "9"]
[EventType "swiss"]
[EventDate "2019.06.08"]

1. e4 e5 2. d4 exd4 3. Qxd4 Nc6 4. Qe3 Be7 5. Nc3 d6 6. Bd2 Nf6 7. h3 a6 8. Be2
d5 9. exd5 Nxd5 10. Nxd5 Qxd5 11. Bf3 Qc4 12. Qc3 Qe6+ 13. Ne2 Bd7 14. Qb3 Qxb3
15. axb3 O-O-O 16. O-O Bf6 17. Bc3 Bxc3 18. bxc3 Ne5 19. Be4 f5 20. Bd3 Rhe8
21. Nd4 g6 22. b4 Nxd3 23. cxd3 Re5 24. Rfe1 Rde8 25. Kf1 Kd8 26. Nb3 Bc6 27.
Rxe5 Rxe5 28. Ra5 Rxa5 29. Nxa5 Kd7 30. f3 b6 31. Nc4 Ke6 32. Ke2 f4 33. Kd2 g5
34. Nb2 h5 35. d4 Kf5 36. Ke2 a5 37. bxa5 bxa5 38. c4 a4 39. Nd3 a3 40. Nc1 Ba4
41. Kd2 g4 42. h4 gxf3 43. gxf3 Ke6 44. Na2 Bb3 45. Nc1 Bxc4 46. Kc3 Kd5 47.
Kc2 Kxd4 48. Nb3+ Bxb3+ 49. Kxb3 Ke3 50. Kxa3 Kxf3 51. Kb4 Kg2 52. Kc5 f3 53.
Kc6 f2 54. Kxc7 f1=Q 55. Kd6 Qf5 56. Ke7 Qg6 57. Kd7 Kf3 58. Ke7 Ke4 59. Kd7
Kd5 60. Kc8 Qf7 61. Kd8 Kc6 62. Kc8 Qg8# 0-1

[Event "ODJM B 2019"]
[Site "Willingen GER"]
[Date "2019.06.13"]
[Round "7"]
[White "Niemann, Leon Pascal"]
[Black "John, Niklas"]
[Result "1-0"]
[Termination "normal"]
[Board "38"]
[WhiteElo "1702"]
[BlackElo "1324"]
[PlyCount "83"]
[WhiteFideId "16218388"]
[BlackFideId "16234626"]
[EventCountry "GER"]
[EventRounds "9"]
[EventType "swiss"]
[EventDate "2019.06.08"]

1. e4 c5 2. Nf3 d6 3. d4 cxd4 4. Nxd4 Nf6 5. Nc3 g6 6. Be3 Bg7 7. f3 O-O 8. Qd2
Nc6 9. g4 Nxd4 10. Bxd4 Be6 11. h4 Qa5 12. h5 Rac8 13. a3 a6 14. hxg6 fxg6 15.
Bh3 Rc4 16. g5 Bxh3 17. gxf6 Rxd4 18. Qxd4 Bxf6 19. Qc4+ d5 20. Qxd5+ Qxd5 21.
Nxd5 Bg2 22. Nxf6+ Rxf6 23. Rh4 Bxf3 24. Kd2 g5 25. Rg1 Rg6 26. Rh3 g4 27. Rhg3
Kg7 28. Ke3 e5 29. c4 h5 30. b4 h4 31. Rxf3 gxf3 32. Rxg6+ Kxg6 33. Kxf3 Kg5
34. c5 h3 35. a4 Kf6 36. Kg3 h2 37. Kxh2 Ke7 38. b5 Kd7 39. Kg3 axb5 40. axb5
Kc7 41. Kg4 b6 42. c6 1-0

[Event "ODJM B 2019"]
[Site "Willingen GER"]
[Date "2019.06.13"]
[Round "7"]
[White "Feidt, Jonas"]
[Black "Hierl, Johannes"]
[Result "0-1"]
[Termination "normal"]
[Board "39"]
[WhiteElo "1622"]
[BlackElo "1327"]
[PlyCount "68"]
[WhiteFideId "16243617"]
[BlackFideId "16235096"]
[EventCountry "GER"]
[EventRounds "9"]
[EventType "swiss"]
[EventDate "2019.06.08"]

1. c4 c5 2. g3 Nc6 3. Bg2 g6 4. Nf3 Bg7 5. Nc3 e6 6. O-O Nge7 7. e3 O-O 8. b3
d6 9. Bb2 Bd7 10. d4 cxd4 11. exd4 d5 12. cxd5 Nxd5 13. Re1 Nce7 14. Ne5 Nxc3
15. Bxc3 Nd5 16. Bb2 Rc8 17. Rc1 Bb5 18. Ba3 Re8 19. Rxc8 Qxc8 20. Qc1 Nc3 21.
Qd2 Rd8 22. Bb2 Nd5 23. Rc1 Qb8 24. Rc5 Ba6 25. a3 b6 26. Rc2 Bxe5 27. dxe5 Nb4
28. Qc1 Nxc2 29. Qxc2 Qc8 30. Qxc8 Rxc8 31. Be4 Rd8 32. Bc3 Rd1+ 33. Kg2 Bd3
34. Bb7 Bf1+ 0-1

[Event "ODJM B 2019"]
[Site "Willingen GER"]
[Date "2019.06.13"]
[Round "7"]
[White "Diegel, Yannick"]
[Black "Linnemann, Caspar"]
[Result "1/2-1/2"]
[Termination "normal"]
[Board "40"]
[WhiteElo "1411"]
[BlackElo "1239"]
[PlyCount "65"]
[WhiteFideId "16222563"]
[BlackFideId "16200284"]
[EventCountry "GER"]
[EventRounds "9"]
[EventType "swiss"]
[EventDate "2019.06.08"]

1. d4 Nf6 2. Bf4 c5 3. d5 d6 4. c4 b5 5. a3 Nbd7 6. e3 bxc4 7. Bxc4 g6 8. Nf3
Bg7 9. Nc3 O-O 10. O-O Rb8 11. Rb1 Nh5 12. Bg5 Nb6 13. Bb3 Nf6 14. Re1 Bg4 15.
h3 Bxf3 16. Qxf3 Nbd7 17. Qd1 Qb6 18. Ba2 Rfc8 19. Kh1 Rb7 20. f4 Rcb8 21. e4
Qc7 22. Re2 Nh5 23. Qe1 f6 24. g4 fxg5 25. gxh5 gxh5 26. fxg5 Qa5 27. Qc1 Ne5
28. Re3 h6 29. Rg3 Kh7 30. Qc2 Rf8 31. Rbg1 Rbb8 32. Bb1 Qa6 33. Qg2 1/2-1/2

[Event "ODJM B 2019"]
[Site "Willingen GER"]
[Date "2019.06.13"]
[Round "7"]
[White "Hungeling, David"]
[Black "Abou Wally, Adrian"]
[Result "0-1"]
[Termination "normal"]
[Board "41"]
[WhiteElo "1566"]
[BlackElo "1342"]
[PlyCount "38"]
[WhiteFideId "16222440"]
[BlackFideId "16245113"]
[EventCountry "GER"]
[EventRounds "9"]
[EventType "swiss"]
[EventDate "2019.06.08"]

1. e4 e5 2. Nf3 Nc6 3. Bb5 a6 4. Ba4 Nf6 5. O-O Nxe4 6. d4 exd4 7. Re1 d5 8.
Nxd4 Bd6 9. Nxc6 Bxh2+ 10. Kf1 Qh4 11. Qf3 O-O 12. Na5 Bg4 13. g3 Qh5 14. Rxe4
Bxf3 15. Rh4 Qe5 16. Nc3 Bxg3 17. fxg3 Qxg3 18. Rd4 Qg2+ 19. Ke1 Qg1+ 0-1

[Event "ODJM B 2019"]
[Site "Willingen GER"]
[Date "2019.06.13"]
[Round "7"]
[White "Borgmann, Simon"]
[Black "Peglau, Sarah"]
[Result "0-1"]
[Termination "normal"]
[Board "42"]
[WhiteElo "1583"]
[BlackElo "1471"]
[PlyCount "76"]
[WhiteFideId "16234677"]
[BlackFideId "16219961"]
[EventCountry "GER"]
[EventRounds "9"]
[EventType "swiss"]
[EventDate "2019.06.08"]

1. d4 d5 2. Nf3 Nf6 3. e3 Bf5 4. c4 e6 5. a3 Nbd7 6. b3 c5 7. Bb2 Rc8 8. Nbd2
Be7 9. Be2 O-O 10. O-O dxc4 11. Nxc4 Nb6 12. Rc1 Nxc4 13. Bxc4 Nd5 14. Bd3 Bg6
15. Ne5 cxd4 16. Nxg6 hxg6 17. Bxd4 Bxa3 18. Ra1 Qd6 19. Qf3 Bc5 20. Bxc5 Qxc5
21. Be4 Rfd8 22. h4 Rc7 23. h5 g5 24. Qg3 Nf6 25. Bf3 a6 26. Rfd1 Rcd7 27. Rxd7
Rxd7 28. Qb8+ Kh7 29. g3 g4 30. Bg2 Qxh5 31. Rc1 Kg6 32. Qc8 Qb5 33. Qc2+ Qf5
34. e4 Qe5 35. Rf1 Rc7 36. Qb1 Kh6 37. Qd3 Rc3 38. Qd2+ Kg6 0-1

[Event "ODJM B 2019"]
[Site "Willingen GER"]
[Date "2019.06.13"]
[Round "7"]
[White "Kruse, Hannes"]
[Black "Schilay, Maria"]
[Result "1/2-1/2"]
[Termination "normal"]
[Board "44"]
[WhiteElo "1362"]
[BlackElo "1415"]
[PlyCount "128"]
[WhiteFideId "16254660"]
[BlackFideId "12942979"]
[EventCountry "GER"]
[EventRounds "9"]
[EventType "swiss"]
[EventDate "2019.06.08"]

1. e4 e5 2. Nf3 Nc6 3. Bc4 Nf6 4. Ng5 d5 5. exd5 Nd4 6. c3 b5 7. cxd4 bxc4 8.
dxe5 Qxd5 9. exf6 Qxg5 10. fxg7 Bxg7 11. Qf3 Rb8 12. Qc6+ Kd8 13. Qxc4 Qxg2 14.
Qf1 Re8+ 15. Kd1 Bg4+ 16. Kc2 Bf5+ 17. d3 Qc6+ 18. Nc3 Rb5 19. Rg1 Bxc3 20.
bxc3 Qf3 21. Rg3 Qe2+ 22. Qxe2 Rxe2+ 23. Kd1 Rxf2 24. c4 Re5 25. Rg5 f6 26.
Rg8+ Kd7 27. Rg7+ Kc6 28. Rg3 Rxh2 29. Rg1 Bxd3 30. Bf4 Ree2 31. Bxh2 Rxh2 32.
a4 Bxc4 33. Rc1 Kd5 34. Rg3 h5 35. Rgc3 Rh1+ 36. Kd2 Rxc1 37. Rxc1 c6 38. Rh1
a6 39. Rxh5+ Kd6 40. Kc3 Be2 41. Rh6 Kc5 42. Rxf6 Bd1 43. a5 Ba4 44. Rf8 Bb5
45. Rf5+ Kd6 46. Kd4 Ke6 47. Rh5 Kd7 48. Kc5 Kc7 49. Rh7+ Kb8 50. Kb6 Kc8 51.
Rh8+ Kd7 52. Rh6 Kc8 53. Rh7 Kd8 54. Rc7 Ke8 55. Rxc6 Bxc6 56. Kxc6 Kd8 57. Kb7
Kd7 58. Kxa6 Kc6 59. Ka7 Kc7 60. a6 Kc8 61. Ka8 Kc7 62. Ka7 Kc8 63. Kb6 Kb8 64.
a7+ Ka8 1/2-1/2

[Event "ODJM B 2019"]
[Site "Willingen GER"]
[Date "2019.06.13"]
[Round "7"]
[White "Seliokaite, Ana"]
[Black "Brunauer, Simon"]
[Result "1-0"]
[Termination "normal"]
[Board "45"]
[WhiteElo "1464"]
[BlackElo "1607"]
[PlyCount "73"]
[WhiteFideId "16224817"]
[BlackFideId "16279077"]
[EventCountry "GER"]
[EventRounds "9"]
[EventType "swiss"]
[EventDate "2019.06.08"]

1. c4 c5 2. Nc3 Nc6 3. g3 e6 4. Bg2 Nge7 5. e4 g6 6. Nge2 Bg7 7. O-O O-O 8. d3
e5 9. a3 d6 10. Rb1 Be6 11. h3 a6 12. b4 cxb4 13. axb4 Qc7 14. Be3 f5 15. Nd5
Bxd5 16. exd5 Nd8 17. f4 Nf7 18. c5 Rac8 19. Rc1 Qd7 20. fxe5 Bxe5 21. d4 Bg7
22. Nf4 Bh6 23. Qb3 Bxf4 24. Bxf4 Rfd8 25. Rf2 g5 26. Be3 Ng6 27. Rcf1 Ne7 28.
Rc1 Ng6 29. c6 bxc6 30. dxc6 Qc7 31. Bxg5 Rf8 32. Rxf5 Qa7 33. Rd5 Kg7 34. Be3
Qb6 35. Ra5 Rfe8 36. Re1 Ng5 37. Rxg5 1-0

[Event "ODJM B 2019"]
[Site "Willingen GER"]
[Date "2019.06.13"]
[Round "7"]
[White "Halle, Julia"]
[Black "Reuter, Marek"]
[Result "1-0"]
[Termination "normal"]
[Board "46"]
[WhiteElo "1634"]
[BlackElo "1553"]
[PlyCount "75"]
[WhiteFideId "24694940"]
[BlackFideId "16226712"]
[EventCountry "GER"]
[EventRounds "9"]
[EventType "swiss"]
[EventDate "2019.06.08"]

1. e4 e5 2. Nf3 Nc6 3. d4 exd4 4. Nxd4 Bc5 5. Be3 Qf6 6. c3 Qe5 7. Nxc6 dxc6 8.
Bxc5 Qxc5 9. Nd2 Nf6 10. Bc4 O-O 11. Bb3 Re8 12. Qc2 a5 13. O-O b5 14. a4 Qg5
15. f4 Qc5+ 16. Kh1 Ng4 17. e5 Nf2+ 18. Rxf2 Qxf2 19. Rf1 Qe2 20. axb5 cxb5 21.
Bd5 Rd8 22. Bxa8 Rxd2 23. Qc1 Bh3 24. Rg1 Bf5 25. Bf3 Qd3 26. Rd1 Rxd1+ 27.
Qxd1 Kf8 28. Qxd3 Bxd3 29. Kg1 Ke7 30. Kf2 Ke6 31. Ke3 Bc4 32. Be4 c5 33. Bxh7
g6 34. g4 f5 35. gxf5+ Kxf5 36. h4 Kg4 37. Bxg6 Kxh4 38. Bd3 1-0

[Event "ODJM B 2019"]
[Site "Willingen GER"]
[Date "2019.06.13"]
[Round "7"]
[White "Senechal, Niklas Bennett"]
[Black "Lau, Theodor"]
[Result "1-0"]
[Termination "normal"]
[Board "47"]
[WhiteElo "1470"]
[BlackElo "1670"]
[PlyCount "71"]
[WhiteFideId "16231180"]
[BlackFideId "12946524"]
[EventCountry "GER"]
[EventRounds "9"]
[EventType "swiss"]
[EventDate "2019.06.08"]

1. c4 g6 2. Nc3 Bg7 3. g3 Nf6 4. Bg2 c5 5. e4 Nc6 6. d3 d6 7. Nge2 O-O 8. f4
Bg4 9. h3 Bxe2 10. Nxe2 Rb8 11. g4 a6 12. f5 Nd7 13. h4 h6 14. Nf4 Nde5 15.
fxg6 fxg6 16. Ne6 Qa5+ 17. Bd2 Nb4 18. Nxf8 Rxf8 19. Rf1 Nexd3+ 20. Ke2 Rxf1
21. Qxf1 Nxb2 22. a3 Nxc4 23. e5 Nxd2 24. axb4 Nxf1 25. Rxa5 Ng3+ 26. Kf3 Bxe5
27. bxc5 d5 28. Kf2 e6 29. Ra3 h5 30. Rxg3 Bxg3+ 31. Kxg3 hxg4 32. Bf1 Kg7 33.
Bxa6 d4 34. Kxg4 Kf6 35. Bxb7 d3 36. Kf3 1-0

[Event "ODJM B 2019"]
[Site "Willingen GER"]
[Date "2019.06.13"]
[Round "7"]
[White "Grunert, Wilhelm"]
[Black "Kessen, Fanny"]
[Result "1-0"]
[Termination "normal"]
[Board "48"]
[WhiteElo "1749"]
[BlackElo "1232"]
[PlyCount "37"]
[WhiteFideId "12995673"]
[BlackFideId "16217357"]
[EventCountry "GER"]
[EventRounds "9"]
[EventType "swiss"]
[EventDate "2019.06.08"]

1. e4 e5 2. Nf3 Nc6 3. Bb5 a6 4. Ba4 Nf6 5. O-O Be7 6. Re1 b5 7. Bb3 O-O 8. c3
Bb7 9. d4 d6 10. Nbd2 h6 11. Nf1 Re8 12. Ng3 Bf8 13. Nh4 Ne7 14. Qf3 Nc6 15.
Nhf5 Na5 16. Bc2 d5 17. Nh5 Nc4 18. Nxh6+ Kh8 19. Nxf7+ 1-0

[Event "ODJM B 2019"]
[Site "Willingen GER"]
[Date "2019.06.13"]
[Round "7"]
[White "Schneble, Milan"]
[Black "Raasch, Hauke"]
[Result "0-1"]
[Termination "normal"]
[Board "49"]
[WhiteElo "1425"]
[BlackElo "1614"]
[PlyCount "108"]
[WhiteFideId "16266102"]
[BlackFideId "16210034"]
[EventCountry "GER"]
[EventRounds "9"]
[EventType "swiss"]
[EventDate "2019.06.08"]

1. e4 d5 2. exd5 Nf6 3. d4 Nxd5 4. c4 Nf6 5. Nc3 Bf5 6. Nf3 e6 7. Bd3 Bg6 8.
Bg5 Be7 9. Qd2 Nbd7 10. O-O O-O 11. Rad1 c6 12. a3 a5 13. Bxg6 hxg6 14. Qf4 Nb6
15. c5 Nbd5 16. Nxd5 Nxd5 17. Qh4 Nf6 18. Rfe1 Re8 19. Re2 Nh7 20. Bxe7 Qxe7
21. Qxe7 Rxe7 22. h3 Nf6 23. Nd2 Rd7 24. Nc4 Nd5 25. Re5 a4 26. Rd3 Rad8 27.
Nd6 Nf6 28. Kf1 Ne8 29. Nxe8 Rxe8 30. f4 Red8 31. Re4 Rd5 32. Ke2 g5 33. fxg5
Rxg5 34. Kf3 Rxc5 35. Re2 Rcd5 36. Ke3 Kf8 37. Rc2 Ke7 38. Rc4 Ra5 39. Rdc3
Rda8 40. Rb4 R8a7 41. g4 Kf6 42. Kf4 g5+ 43. Ke4 Kg6 44. Rc5 Rxc5 45. dxc5 Kf6
46. Rd4 Ke7 47. Ke5 Ra5 48. Rc4 Rb5 49. Rxa4 Rxb2 50. Ra7 f6+ 51. Ke4 Rb3 52.
a4 e5 53. a5 Rb4+ 54. Kf5 Kf7 0-1

[Event "ODJM B 2019"]
[Site "Willingen GER"]
[Date "2019.06.13"]
[Round "7"]
[White "Keck, Johannes"]
[Black "Ostra, Noah"]
[Result "0-1"]
[Termination "normal"]
[Board "50"]
[WhiteElo "1402"]
[BlackElo "1773"]
[PlyCount "62"]
[WhiteFideId "16258746"]
[BlackFideId "16228979"]
[EventCountry "GER"]
[EventRounds "9"]
[EventType "swiss"]
[EventDate "2019.06.08"]

1. e4 c5 2. Nc3 d6 3. g3 g6 4. Bg2 Bg7 5. Nge2 Nf6 6. d3 Bd7 7. O-O Qc8 8. f4
h5 9. e5 dxe5 10. fxe5 Ng4 11. Nf4 Nxe5 12. Be3 Ng4 13. Bxc5 Qxc5+ 14. Kh1 Nf2+
15. Rxf2 Qxf2 16. Bxb7 Bc6+ 17. Bxc6+ Nxc6 18. Nfd5 Rc8 19. Ne4 Qd4 20. c4 h4
21. gxh4 Kd7 22. Qg4+ f5 23. Qxg6 fxe4 24. Rf1 Rhf8 25. Rf7 Rxf7 26. Qxf7 Qxb2
27. Nf4 Qc1+ 28. Kg2 Qd2+ 29. Kg1 Bd4+ 30. Kh1 Qe1+ 31. Kg2 Qf2+ 0-1

[Event "ODJM B 2019"]
[Site "Willingen GER"]
[Date "2019.06.13"]
[Round "7"]
[White "Paqarizi, Endrit"]
[Black "Rempe, Mieke"]
[Result "0-1"]
[Termination "normal"]
[Board "51"]
[WhiteElo "1414"]
[BlackElo "1469"]
[PlyCount "38"]
[WhiteFideId "16235827"]
[BlackFideId "16202384"]
[EventCountry "GER"]
[EventRounds "9"]
[EventType "swiss"]
[EventDate "2019.06.08"]

1. d4 Nf6 2. Nc3 e6 3. Bf4 d5 4. e3 Bb4 5. Bd3 Nbd7 6. a3 Bxc3+ 7. bxc3 c5 8.
c4 dxc4 9. Bxc4 Ne4 10. Nf3 Qa5+ 11. Nd2 Qc3 12. Rb1 Nxd2 13. Qxd2 Qxc4 14.
dxc5 Nxc5 15. Rb4 Qa6 16. Bc7 O-O 17. f3 b6 18. Kf2 Bb7 19. Qc3 Rac8 0-1

[Event "ODJM B 2019"]
[Site "Willingen GER"]
[Date "2019.06.13"]
[Round "7"]
[White "Lohrmann, Linus"]
[Black "Kamleiter, Noah"]
[Result "1/2-1/2"]
[Termination "normal"]
[Board "52"]
[WhiteElo "1366"]
[BlackElo "1457"]
[PlyCount "89"]
[WhiteFideId "12982857"]
[BlackFideId "16265815"]
[EventCountry "GER"]
[EventRounds "9"]
[EventType "swiss"]
[EventDate "2019.06.08"]

1. e4 c5 2. Nf3 Nc6 3. d4 cxd4 4. Nxd4 g6 5. Nc3 Bg7 6. Be3 Nf6 7. Bc4 Qa5 8.
Nb3 Qb4 9. Bd3 Nxe4 10. O-O Nxc3 11. bxc3 Qxc3 12. Be4 O-O 13. Rb1 e6 14. Bd2
Qf6 15. Qc1 d5 16. Bd3 Bd7 17. Nc5 Bc8 18. Nxb7 Bxb7 19. Rxb7 Rab8 20. Bg5 Qd4
21. Be3 Qc3 22. Qb1 Bd4 23. Rb3 Rxb3 24. cxb3 Bxe3 25. fxe3 Nb4 26. Rd1 Nxd3
27. Rxd3 Qc5 28. Qb2 Rc8 29. Qe2 Qc1+ 30. Rd1 Rc2 31. Qf3 Qb2 32. h3 Qxa2 33.
e4 Rd2 34. exd5 exd5 35. Kh2 Qc2 36. Re1 Kg7 37. Re7 Qf5 38. Qc3+ Qf6 39. Qxd2
Qxe7 40. Qxd5 Qc7+ 41. Kg1 Qb6+ 42. Kh2 a6 43. Kh1 Qb5 44. Qd4+ Kh6 45. Qh4+
1/2-1/2

[Event "ODJM B 2019"]
[Site "Willingen GER"]
[Date "2019.06.13"]
[Round "7"]
[White "Hoffmann, Alexander"]
[Black "Borriss, Benjamin"]
[Result "0-1"]
[Termination "normal"]
[Board "53"]
[WhiteElo "1631"]
[BlackElo "1475"]
[PlyCount "120"]
[WhiteFideId "16240219"]
[BlackFideId "16266099"]
[EventCountry "GER"]
[EventRounds "9"]
[EventType "swiss"]
[EventDate "2019.06.08"]

1. e4 e5 2. Nc3 Nc6 3. g3 Bc5 4. Bg2 d6 5. Nge2 Nf6 6. d3 O-O 7. O-O Bg4 8. Na4
Nd4 9. Re1 Nxe2+ 10. Rxe2 Bxe2 11. Qxe2 Bb6 12. Nxb6 axb6 13. f4 Re8 14. a3 b5
15. Bd2 c6 16. Rf1 Qd7 17. fxe5 dxe5 18. Bg5 Qe6 19. Bxf6 gxf6 20. Qh5 Kf8 21.
Bh3 Qd6 22. Bf5 Ke7 23. Rd1 Qd4+ 24. Kh1 Qxb2 25. d4 exd4 26. Bh3 Qc3 27. e5
Qe3 28. exf6+ Kd6 29. Qg4 Qe4+ 30. Qxe4 Rxe4 31. Bf5 Re2 32. Bxh7 Rxa3 33.
Rxd4+ Ke5 34. Rd1 Kxf6 35. Bd3 Re8 36. Rf1+ Kg7 37. Kg2 Re3 38. Rf4 Rexd3 39.
cxd3 Rxd3 40. Rb4 Rd2+ 41. Kh3 f6 42. g4 Kg6 43. Kg3 Rd3+ 44. Kf4 Rc3 45. Rb2
Rc4+ 46. Kf3 b4 47. h4 b5 48. h5+ Kh6 49. Ke3 Rxg4 50. Rf2 Kg5 51. Kd2 Rh4 52.
Kc2 Rxh5 53. Kb3 c5 54. Rg2+ Kf5 55. Rc2 Rh3+ 56. Kb2 c4 57. Rc1 Rh2+ 58. Kb1
c3 59. Rf1+ Ke5 60. Re1+ Kd4 0-1